<?xml version="1.0" encoding="UTF-8"?>
<collection xmlns:xsi="http://www.w3.org/2001/XMLSchema-instance" xsi:schemaLocation="http://www.loc.gov/MARC21/slim http://www.loc.gov/standards/marcxml/schema/MARC21slim.xsd" xmlns="http://www.loc.gov/MARC21/slim">
 <record>
  <leader>00000cmm a22000004a 4500</leader>
  <controlfield tag="001">UP-99796217611236466</controlfield>
  <controlfield tag="003">Buklod</controlfield>
  <controlfield tag="005">20241112095401.0</controlfield>
  <controlfield tag="006">m    go  j        </controlfield>
  <controlfield tag="007">cr |n |||auu|a</controlfield>
  <controlfield tag="008">241112s2011    xxu     o  j |      eng d</controlfield>
  <datafield tag="020" ind1=" " ind2=" ">
   <subfield code="a">9781430233282 (eBook)</subfield>
  </datafield>
  <datafield tag="035" ind1=" " ind2=" ">
   <subfield code="a">(iLib)UPD-00215705736</subfield>
  </datafield>
  <datafield tag="040" ind1=" " ind2=" ">
   <subfield code="a">DMLR</subfield>
   <subfield code="e">rda</subfield>
  </datafield>
  <datafield tag="041" ind1=" " ind2=" ">
   <subfield code="a">eng</subfield>
  </datafield>
  <datafield tag="042" ind1=" " ind2=" ">
   <subfield code="a">DMLUC</subfield>
  </datafield>
  <datafield tag="084" ind1=" " ind2=" ">
   <subfield code="a">QA 76.76 A65</subfield>
   <subfield code="b">L44 2011eb</subfield>
  </datafield>
  <datafield tag="100" ind1="1" ind2=" ">
   <subfield code="a">Iliescu, Ovidiu</subfield>
   <subfield code="e">author.</subfield>
  </datafield>
  <datafield tag="245" ind1="1" ind2="0">
   <subfield code="a">Pro Java ME apps</subfield>
   <subfield code="b">building commercial quality Java ME apps</subfield>
   <subfield code="h">[electronic resource]</subfield>
   <subfield code="c">Ovidiu Iliescu.</subfield>
  </datafield>
  <datafield tag="264" ind1=" " ind2="1">
   <subfield code="a">Berkeley, California</subfield>
   <subfield code="b">Apress</subfield>
   <subfield code="c">2011.</subfield>
  </datafield>
  <datafield tag="300" ind1=" " ind2=" ">
   <subfield code="a">1 online resource (xv, 348 pages)</subfield>
   <subfield code="b">illustrations.</subfield>
  </datafield>
  <datafield tag="336" ind1=" " ind2=" ">
   <subfield code="a">text</subfield>
   <subfield code="2">rdacontent</subfield>
  </datafield>
  <datafield tag="337" ind1=" " ind2=" ">
   <subfield code="a">computer</subfield>
   <subfield code="2">rdamedia</subfield>
  </datafield>
  <datafield tag="338" ind1=" " ind2=" ">
   <subfield code="a">online resource</subfield>
   <subfield code="2">rdacarrier</subfield>
  </datafield>
  <datafield tag="505" ind1="0" ind2=" ">
   <subfield code="a">Introduction --Getting started --A Java ME framework --Defining our data --The networking module --The persistence module --The UI module --The localization module --Putting it all together --Device fragmentation --Optimizing your code --Adding fine touches and user interaction improvements --Java ME application testing --Advanced Java ME graphics --The proper Java ME mindset --Java ME and the future --Final words.</subfield>
  </datafield>
  <datafield tag="506" ind1=" " ind2=" ">
   <subfield code="a">IP-based subscription, access limited to within on-campus computer network.</subfield>
   <subfield code="c">Access via Electronic Resources  of the UPD University Library Website.</subfield>
  </datafield>
  <datafield tag="520" ind1=" " ind2=" ">
   <subfield code="a">Pro Java ME Apps gives you, the developer, the know-how required for writing sophisticated Java ME applications and for taking advantage of this huge potential market. Java ME is the largest mobile software platform in the world, supported by over 80% of all phones. You'll cover what Java ME is and how it compares to other mobile software platforms, how to properly design and structure Java ME applications, how to think like an experienced Java ME developer, what common problems and pitfalls you may run into, how to optimize your code, and many other key topics.  Unlike other Java ME books out there, which only teach the reader the basics of Java ME by way of a few simple examples, this book presents a broader, eagle-eye picture of a complete Java ME application and what writing one involves. From there, the book presents, explains, and helps you to implement all the essential aspects of Java ME development, from the user interface to client-server communication. As this unfolds, the decisions and reasoning behind the code are also presented. The book assumes that the reader is already familiar with Java ME and Java applications in general. Based on and geared towards real-life Java ME scenarios Guides the reader through the entire process of developing a high-quality Java ME application Explains the decisions made at each step, gives advice and examples of good practices vs. bad practices</subfield>
  </datafield>
  <datafield tag="533" ind1=" " ind2=" ">
   <subfield code="a">Electronic reproduction.</subfield>
   <subfield code="b">New York</subfield>
   <subfield code="c">SpringerLink</subfield>
   <subfield code="d">2011.</subfield>
   <subfield code="n">Available via World Wide Web through SpringerLink</subfield>
  </datafield>
  <datafield tag="650" ind1=" " ind2="0">
   <subfield code="a">Application software.</subfield>
  </datafield>
  <datafield tag="650" ind1=" " ind2="0">
   <subfield code="a">Java (Computer program language)</subfield>
  </datafield>
  <datafield tag="650" ind1=" " ind2="0">
   <subfield code="a">Mobile computing.</subfield>
  </datafield>
  <datafield tag="856" ind1="4" ind2="0">
   <subfield code="y">Available for UP System via SpringerLink.</subfield>
   <subfield code="u">http://doi.org/10.1007/978-1-4302-3328-2</subfield>
  </datafield>
  <datafield tag="905" ind1=" " ind2=" ">
   <subfield code="a">FO</subfield>
  </datafield>
  <datafield tag="852" ind1="0" ind2=" ">
   <subfield code="a">UPD</subfield>
   <subfield code="b">DMLR</subfield>
   <subfield code="h">QA 76.76 A65</subfield>
   <subfield code="i">L44 2011eb</subfield>
  </datafield>
  <datafield tag="942" ind1=" " ind2=" ">
   <subfield code="a">Electronic Resource</subfield>
  </datafield>
 </record>
</collection>
